000
00292nam a2200109Ia 4500
008
200302s9999 xx 000 0 und d
100
_a
Karl H. C. Ludwig
245
_a
Compendium of Landscape Architecture and Open space design
260
_b
Braun Publishing AG
260
_c
2018
300
_a
511
999
_c
6057
_d
6057